<?xml version="1.0" encoding="UTF-8"?>
<record
    xmlns:xsi="http://www.w3.org/2001/XMLSchema-instance"
    xsi:schemaLocation="http://www.loc.gov/MARC21/slim http://www.loc.gov/standards/marcxml/schema/MARC21slim.xsd"
    xmlns="http://www.loc.gov/MARC21/slim">

  <leader>00526nam a22002057a 4500</leader>
  <controlfield tag="003">SEM</controlfield>
  <controlfield tag="005">20250606172320.0</controlfield>
  <controlfield tag="008">250606ss.a     s.l||||gr||||||01|||eng|d</controlfield>
  <datafield tag="040" ind1=" " ind2=" ">
    <subfield code="a">SEM</subfield>
    <subfield code="c">SEM</subfield>
  </datafield>
  <datafield tag="041" ind1=" " ind2=" ">
    <subfield code="a">eng.</subfield>
  </datafield>
  <datafield tag="080" ind1=" " ind2=" ">
    <subfield code="a">947.925(084.12)/D-80</subfield>
  </datafield>
  <datafield tag="100" ind1=" " ind2=" ">
    <subfield code="a">Drayss, Ernst-Ludwig</subfield>
  </datafield>
  <datafield tag="245" ind1=" " ind2=" ">
    <subfield code="a">My Armenia /</subfield>
    <subfield code="c">E. L. Drayss</subfield>
  </datafield>
  <datafield tag="260" ind1=" " ind2=" ">
    <subfield code="a">s. l. :</subfield>
    <subfield code="b">s.n.,</subfield>
    <subfield code="c">s. a.</subfield>
  </datafield>
  <datafield tag="300" ind1=" " ind2=" ">
    <subfield code="a">s.i. ;</subfield>
    <subfield code="b">photo,</subfield>
    <subfield code="c">21 sm</subfield>
  </datafield>
  <datafield tag="648" ind1=" " ind2=" ">
    <subfield code="a">The history</subfield>
    <subfield code="z">Armenia</subfield>
    <subfield code="x">photobook</subfield>
  </datafield>
  <datafield tag="648" ind1=" " ind2=" ">
    <subfield code="a">The tradition</subfield>
    <subfield code="z">Armenia</subfield>
  </datafield>
  <datafield tag="653" ind1=" " ind2=" ">
    <subfield code="a">&#x54D;&#x537;&#x544;</subfield>
  </datafield>
  <datafield tag="942" ind1=" " ind2=" ">
    <subfield code="2">udc</subfield>
    <subfield code="c">BK</subfield>
  </datafield>
  <datafield tag="999" ind1=" " ind2=" ">
    <subfield code="c">76606</subfield>
    <subfield code="d">76606</subfield>
  </datafield>
  <datafield tag="952" ind1=" " ind2=" ">
    <subfield code="0">0</subfield>
    <subfield code="1">0</subfield>
    <subfield code="2">udc</subfield>
    <subfield code="4">0</subfield>
    <subfield code="7">0</subfield>
    <subfield code="8">&#x533;&#x580;&#x561;&#x57A;&#x561;&#x570;&#x578;&#x581;</subfield>
    <subfield code="a">SEM</subfield>
    <subfield code="b">SEM</subfield>
    <subfield code="d">2025-06-06</subfield>
    <subfield code="g">2000.00</subfield>
    <subfield code="i">E-18418</subfield>
    <subfield code="l">0</subfield>
    <subfield code="o">947.925(084.12)/D-80</subfield>
    <subfield code="p">E-18418</subfield>
    <subfield code="r">2025-06-06</subfield>
    <subfield code="w">2025-06-06</subfield>
    <subfield code="y">BK</subfield>
    <subfield code="z">&#x54D;&#x57A;&#x561;&#x57D;&#x561;&#x580;&#x56F;&#x57E;&#x578;&#x582;&#x574; &#x567; &#x568;&#x576;&#x569;&#x565;&#x580;&#x581;&#x561;&#x57D;&#x580;&#x561;&#x570;</subfield>
  </datafield>
</record>
